000 00883nam a22002777a 4500
003 dpl
005 20170204131652.0
008 170204b xxu||||| |||| 00| 0 eng d
010 _aB-017709,B-017711
020 _c325.00
_a8120316290
035 _aB-017709,B-017711
037 _bCen Lib/Ret
040 _aDPL
_bEN
_cDPL
082 _a005.43
_bKUO
100 _aKuo, Peter
_937818
245 _aSpecial edition using Netware 5.0 /
_cby Peter Kuo;John Pence [and] Sally Specker
260 _aNew Delhi
_bPrentice Hall India
_c2000
270 _aM-97, Connaught Circus
_bNew Delhi
_e110001
300 _axvii,950p. :
_c23cm(Hb)
_bill.
500 _aIncludes index
650 _aOperating systems (Computers)
_914601
650 _aNetWare
_937819
700 _aPence, John
_9138662
700 _aSpecker, Sally
_9138663
942 _2ddc
_cEN
_h005.43
_mKUO
999 _c133392
_d133392